| 000 | 00671nam a2200229Ia 4500 | ||
|---|---|---|---|
| 003 | IN-BaIIA | ||
| 008 | 211028s9999 xx 000 0 eng d | ||
| 020 | _a90-277-0183-0 | ||
| 040 | _cIIA Library | ||
| 080 |
_a082.2:52 _bIAU-S46 |
||
| 245 | 4 |
_aThe Crab nebula _cedited by R. D. Davies and F. G. Smith |
|
| 260 |
_aDordrecht _bD. Reidel Publishing _c1971 |
||
| 300 | _axix, 470p. | ||
| 490 | _aIAU Symposium; no. 46 | ||
| 650 |
_aCrab nebula _96812 |
||
| 650 |
_aEmission nebulae _96813 |
||
| 650 |
_aNebulae _9976 |
||
| 700 |
_aDavies, R. D., ed. _94198 |
||
| 700 |
_aGraham-Smith, Francis., ed. _96814 |
||
| 710 | _aInternational Astronomical Union | ||
| 942 | _cBK | ||
| 999 |
_c3831 _d3831 |
||